Verney working party (Record no. 90452)
[ view plain ]
| 000 -LEADER | |
|---|---|
| fixed length control field | 01335cam a2200265 4500 |
| 001 - CONTROL NUMBER | |
| control field | B657 |
| 008 - FIXED-LENGTH DATA ELEMENTS--GENERAL INFORMATION | |
| fixed length control field | 090401t1986 xxu||||| |||| 00| 0 eng d |
| 035 ## - SYSTEM CONTROL NUMBER | |
| System control number | (Sirsi) u37204 |
| 041 ## - LANGUAGE CODE | |
| Language code of text/sound track or separate title | eng |
| 050 ## - LIBRARY OF CONGRESS CALL NUMBER | |
| Classification number | 333.75 |
| -- | 18 |
| 110 ## - MAIN ENTRY--CORPORATE NAME | |
| Corporate name or jurisdiction name as entry element | Country Landowners' Association |
| 9 (RLIN) | 2816 |
| 245 ## - TITLE STATEMENT | |
| Title | Verney working party |
| Remainder of title | forestry and the landowner |
| 260 ## - PUBLICATION, DISTRIBUTION, ETC. | |
| Place of publication, distribution, etc. | London |
| Name of publisher, distributor, etc. | Country Landowners' Association |
| Date of publication, distribution, etc. | 1986 |
| 300 ## - PHYSICAL DESCRIPTION | |
| Extent | 40p. |
| Dimensions | 21cm. |
| 350 ## - PRICE (NR) (BK AM CF MU VM SE) [OBSOLETE] | |
| Price | 5 |
| 505 ## - FORMATTED CONTENTS NOTE | |
| Formatted contents note | Is there a case for more forestry: the position of the individual landowner; the polictical climate; the lnad use case; land values; land tenure; the economic case; employment |
| 505 ## - FORMATTED CONTENTS NOTE | |
| Formatted contents note | Private forestry and woodland ownership: existing woodlands; new woodland; exisiting grant scheme; fiscal measures; management of woodlands for game; recreation in woodlands; potential developments |
| 505 ## - FORMATTED CONTENTS NOTE | |
| Formatted contents note | Marketing |
| 505 ## - FORMATTED CONTENTS NOTE | |
| Formatted contents note | Measures to achieve forestry objectives: government support measures; sources of grants and advices; injection of private funding; landlord/tenant measures; education and training; research and development; conservation and new enterprise |
| 505 ## - FORMATTED CONTENTS NOTE | |
| Formatted contents note | Conclusions and recommendations |
| 690 ## - LOCAL SUBJECT ADDED ENTRY--TOPICAL TERM (OCLC, RLIN) | |
| Topical term or geographic name as entry element | ENVIRONMENTAL AND LAND CONSULTANCY-FORESTRY AND WOODLAND MANAGEMENT |
| 700 ## - ADDED ENTRY--PERSONAL NAME | |
| Personal name | Verney, Edmund |
| International Standard Serial Number | Chairman |
| 942 ## - ADDED ENTRY ELEMENTS (KOHA) | |
| Suppress in OPAC | 0 |
| 948 ## - LOCAL PROCESSING INFORMATION (OCLC); SERIES PART DESIGNATOR (RLIN) | |
| c (OCLC) | 04/03/1997 |
| Withdrawn status | Lost status | Source of classification or shelving scheme | Damaged status | Not for loan | Home library | Current library | Shelving location | Date acquired | Cost, normal purchase price | Total Checkouts | Full call number | Barcode | Date last seen | Copy number | Cost, replacement price | Price effective from | Koha item type |
|---|---|---|---|---|---|---|---|---|---|---|---|---|---|---|---|---|---|
| Dewey Decimal Classification | London | London | Books | 14/09/1999 | 5.00 | 333.75 COU | 30002879 | 06/08/2019 | 1 | 5.00 | 06/08/2019 | Book |